| 000 | 00395nam a2200145Ia 4500 | ||
|---|---|---|---|
| 008 | 230917s9999||||xx |||||||||||||| ||und|| | ||
| 040 |
_e44673 _aMAIN |
||
| 041 | _aEnglish | ||
| 082 | _a338.10973 C848A | ||
| 100 | _aCramer, Gail L | ||
| 245 | 0 | _aAgricultural economics and agribusiness: An introduction | |
| 260 |
_aNew York _bJohn Wiley & Sons _c1979 |
||
| 300 | _axii, 440 p. | ||
| 942 | _cBK | ||
| 999 |
_c211770 _d211770 |
||